Althénopis /

Saved in:
Bibliographic Details
Main Author: Ramondino, Fabrizia (Author)
Format: Book
Language:Italian
Published: Torino : Einaudi, 1981
Series:Nuovi coralli ; 297
Tags: Add Tag
No Tags, Be the first to tag this record!

MARC

LEADER 00000nam a22000007i 4500
001 IT\ICCU\SBL\0619822
003 ItRI
005 20260115231852.0
008 910930s1981 it |||||| ||||| |||||c
015 |2 IT  |a 833037 
020 |a 8806125605 
040 |b ita  |c importazione bologna sebina 
041 7 |a ita  |2 ISO-639-2 
082 |a 853.9  |9 NARRATIVA ITALIANA, 1900-  |2 18 
100 1 |a Ramondino, Fabrizia  |0 IT\ICCU\CFIV\070754  |4 aut 
240 1 0 |a Althénopis  |3 IT\ICCU\RAV\2054932  |9 Ramondino, Fabrizia 
245 1 0 |a Althénopis /  |c Fabrizia Ramondino. 
260 |a Torino :  |b Einaudi,  |c 1981 
300 |a 268 p. ;  |c 20 cm 
830 0 |a Nuovi coralli ;  |v 297  |0 IT\ICCU\CFI\0000684 
942 |2 ddc  |c BK  |n 0 
952 |0 0  |1 0  |4 0  |6 DOC_853_914000000000000_RAM  |7 0  |9 14764  |a BO  |b BO  |d 2026-01-15  |i 6125  |l 0  |o DOC 853.914 RAM  |p BO6125  |r 2026-01-15 23:18:52  |w 2026-01-15  |x [Sebina 5] [1 v.]  |y BK  |z 1 v. 
999 |c 12727  |d 12727